000 00683nam a22002177a 4500
005 20260624154926.0
008 260624b |||||||| |||| 00| 0 eng d
020 _a0070632375
_qhb
082 _a628.4
_bTCH
100 _aTchobanoglous, George
245 _aIntegrated solid waste management : engineering principles and management issues
250 _ac.1993
260 _aNew York
_bMcGraw-Hill
_c1993
300 _axxi, 978p. ; 24cm.
440 _aMcGraw-Hill series in water resources and environmental engineering
653 _aRefuse and refuse disposal
653 _aHazardous wastes
700 _aTheisen, Hilary
700 _aVigil, Samuel
942 _2ddc
_cBK
999 _c57260
_d57260